La reforma constitucional y el cambio del régimen (Record no. 57723)
[ view plain ]
| 000 -LEADER | |
|---|---|
| campo de control de longitud fija | 00458nam a2200145 i 4500 |
| 001 - NÚMERO DE CONTROL | |
| campo de control | 57723 |
| 003 - IDENTIFICADOR DE NÚMERO DE CONTROL | |
| campo de control | ES-MaACL |
| 005 - FECHA Y HORA DE LA ÚLTIMA TRANSACCIÓN | |
| campo de control | 20230906163630.0 |
| 007 - CAMPO FIJO DE DESCRIPCIÓN FÍSICA--INFORMACIÓN GENERAL | |
| campo de control de longitud fija | t| |
| 008 - DATOS DE LONGITUD FIJA--INFORMACIÓN GENERAL | |
| campo de control de longitud fija | 031017s1918 cu ||||1| spa d |
| 100 1# - ENTRADA PRINCIPAL--NOMBRE DE PERSONA | |
| Nombre de persona | Domínguez Roldan, Guillermo. |
| 9 (RLIN) | 45245 |
| 245 13 - MENCIÓN DEL TÍTULO | |
| Título | La reforma constitucional y el cambio del régimen |
| Resto del título | : conferencia / |
| Mención de responsabilidad, etc. | Guillermo Domínguez Roldan. |
| 260 ## - PUBLICACIÓN, DISTRIBUCIÓN, ETC. | |
| Lugar de publicación, distribución, etc. | Habana : |
| Nombre del editor, distribuidor, etc. | [s.n., |
| Fecha de publicación, distribución, etc. | 1918] ( |
| Fabricante | Imp. El Siglo XX) |
| 852 ## - LOCALIZACIÓN | |
| Ubicación | ES-MaACL |
| Número de control de estantería | 1613-F-17 |
| Estatus retirado | Estado de pérdida | Estado de daño | No para préstamo | Colección | Biblioteca de origen | Biblioteca actual | Ubicación en estantería | Fecha de adquisición | Fuente de adquisición | Total de préstamos | Signatura topográfica completa | Código de barras | Visto por última vez | Precio de reemplazo | Tipo de ítem Koha |
|---|---|---|---|---|---|---|---|---|---|---|---|---|---|---|---|
| Colección de folletos | Biblioteca del Ateneo de Madrid | Biblioteca del Ateneo de Madrid | Depósito folletos | 17/01/2008 | 1613-F-17 | 1060591 | 23/02/2023 | 23/02/2023 | Folleto |
